Russian Emperors - Sudden Death - Statistics

General Stats
  • This quiz has been taken 54 times
    51 since last reset
  • The average score is 9 of 14
Answers on the Grid
Answers color-coded by a green-red scale on the quiz's grid according to % correct below.
Albert I
Albert II
Alexander I
Alexander II
Alexander III
Anna
Catherine I
Catherine II
Catherine III
Charles I
Charles II
Christian IV
Elizabeth
Eric I
Eric II
Ferdinand V
Gustav III
Leopold I
Louis III
Maria I
Maria II
Nicholas I
Nicholas II
Ivan VI
Oscar II
Paul I
Peter I
Peter II
Peter III
Philip I
Philip II
Victoria
 
Answer Stats
Answer % Correct
Alexander I
91%
Catherine I
91%
Alexander II
88%
Alexander III
78%
Nicholas II
78%
Peter I
78%
Catherine II
72%
Ivan VI
72%
Nicholas I
72%
Peter II
69%
Peter III
69%
Paul I
38%
Anna
31%
Elizabeth
19%
No matching quizzes found
Score Distribution
Percent of People with Each Score
Percentile by Number Answered
Your Score History
You have not taken this quiz since the last reset